000 00647nam a22002177a 4500
003 UA-OsUOA
001 71363
007 ta
008 20101021b un ||||| |||| 00| 0 ukr d
100 _aБілоус І.В.
090 _a330(477)
_bБ67
942 _cSA
040 _aUA-OsUOA
_bukr
_cUA-OsUOA
_dUA-OsUOA
245 _aПосткризові перспективи ринку корпоративних облігацій України
300 _aС.100-107
955 _a0
041 _aukr
080 _a330(477)
773 0 _w71357
_tФінанси України
_dК.
_d2010
_g9
650 7 _a330 Економіка взагалі
_2UDC
999 _c357645
_d357645